|
|
|
|
| LEADER |
00000nab a2200000ua 4500 |
| 001 |
vtls010798657 |
| 003 |
SK-MaSNL |
| 005 |
20260303180647.0 |
| 008 |
230629s2001 xo |||||||||||||||||eng| |
| 035 |
|
|
|a (urnnbn)urn:nbn:sk:snk:ar-a03fmu
|
| 035 |
|
|
|a (uuid)a42c8072-a97a-4846-95d1-ae0a585bf24c
|
| 035 |
|
|
|a urn:nbn:sk:snk-ab58us
|
| 040 |
|
|
|a SNKBUCL
|b slo
|c SNKBUCL
|e AACR2
|
| 041 |
0 |
|
|a eng
|
| 044 |
|
|
|a xo
|c SK
|
| 100 |
1 |
|
|a Rudinský, Bruno,
|d 1952-
|4 aut
|9 54958
|
| 245 |
1 |
0 |
|a Telemedicine in urgent neurosurgery
|c B. Rudinsky, J. Gubric, L. Rudinska , M. Gubricova
|
| 700 |
1 |
|
|a Gubric, J.
|4 aut
|9 1206714
|
| 700 |
1 |
|
|a Rudinska, L.
|4 aut
|9 784182
|
| 700 |
1 |
|
|a Gubricova, M.
|4 aut
|9 1206715
|
| 773 |
0 |
|
|t Bratislavské lekárske listy
|g Roč. 102, č. 6 (2001), s. 294-297
|
| 958 |
|
|
|a OND
|
| 958 |
|
|
|a EUIPO
|
| 958 |
|
|
|a article3
|
| 999 |
|
|
|c 2107313
|d 2109243
|